Add-a-letter, Make a new word - Statistics

General Stats
  • This quiz has been taken 81 times
    76 since last reset
  • The average score is 21 of 497
Answer Stats
Hint Answer % Correct
down drown
76%
sword
59%
haunt
51%
hear
47%
taunt
45%
road broad
39%
evil devil
39%
glad glade
35%
mad made
35%
twin twine
33%
word world
33%
aunt daunt
31%
gaunt
31%
jaunt
31%
win wind
31%
widow window
31%
spin
29%
spay spray
29%
thin think
29%
boat boast
27%
her here
27%
car care
24%
limb climb
24%
maid
24%
hare share
24%
bone
22%
pine spine
20%
spot sport
20%
thing
20%
done
18%
hand
18%
tone
18%
vaunt
18%
wine whine
18%
and band
16%
bloat
16%
boat
16%
cart
16%
cone
16%
gone
16%
got
16%
hero
16%
land
16%
lone
16%
sire siren
16%
spire
16%
fore
14%
herd
14%
go god
12%
hare
12%
rod road
12%
swine
12%
card
10%
far fare
10%
sad said
10%
sand
10%
space
10%
spun
10%
writ write
10%
crave
8%
farm
8%
four
8%
none
8%
pen open
8%
pace peace
8%
rice price
8%
scar
8%
tar star
8%
able table
8%
tear
8%
wand
8%
wine
8%
air fair
6%
east feast
6%
fee feel
6%
feet
6%
fin fine
6%
free
6%
love glove
6%
hone
6%
knew
6%
pent
6%
pun punt
6%
run runt
6%
tare
6%
tart
6%
yeast
6%
bled
4%
lock block
4%
rave brave
4%
bus bust
4%
fear
4%
feed
4%
find
4%
for ford
4%
form
4%
fort
4%
fiend friend
4%
hunt
4%
least
4%
man main
4%
mane
4%
one once
4%
pace
4%
pine
4%
raven
4%
sag sage
4%
here there
4%
ago
2%
bail
2%
bead
2%
beat beast
2%
beat
2%
beer
2%
beet
2%
bend
2%
old bold
2%
born borne
2%
ranch branch
2%
came camel
2%
caret
2%
cease
2%
chase
2%
heat cheat
2%
clock
2%
lose close
2%
close closet
2%
clove
2%
row crow
2%
crow crown
2%
are dare
2%
dive diver
2%
drove
2%
ace face
2%
fail
2%
feat
2%
flaw
2%
flow
2%
fold
2%
gold
2%
grow
2%
hair
2%
hold
2%
hug huge
2%
lace
2%
laid
2%
law lawn
2%
loser
2%
lover
2%
mace
2%
mare
2%
mean
2%
mold
2%
never
2%
new newt
2%
aid paid
2%
palm
2%
pare
2%
art part
2%
place
2%
pluck
2%
pond pound
2%
pour
2%
prod proud
2%
prow prowl
2%
race
2%
raid
2%
raise
2%
rare
2%
ravel
2%
corn scorn
2%
have shave
2%
shore
2%
shut
2%
kill skill
2%
mile smile
2%
nail snail
2%
sold
2%
ore sore
2%
our sour
2%
spar
2%
pare spare
2%
spay
2%
peak speak
2%
sand stand
2%
stick
2%
swan
2%
weep sweep
2%
told
2%
trod
2%
want
2%
ware
2%
where
2%
bet abet
0%
acid
0%
acorn
0%
acre
0%
aide
0%
airy
0%
kin akin
0%
muse amuse
0%
area
0%
arid
0%
bare
0%
bask
0%
beef
0%
bee been
0%
belt
0%
bent
0%
best
0%
bit bite
0%
black
0%
lame blame
0%
bleak
0%
bleat
0%
light blight
0%
blow
0%
boost
0%
boot booth
0%
bore
0%
bout
0%
bowl
0%
brace
0%
brag
0%
brain
0%
bran brand
0%
brawn
0%
bread
0%
beak break
0%
beast breast
0%
bed bred
0%
right bright
0%
risk brisk
0%
rook brook
0%
both broth
0%
brow
0%
brow brown
0%
bush brush
0%
bush
0%
busy
0%
can cane
0%
cask
0%
caste
0%
case cause
0%
heap cheap
0%
hide chide
0%
choke choker
0%
chow
0%
chug
0%
claw
0%
cue clue
0%
oat coat
0%
cold
0%
core
0%
curt court
0%
coven
0%
cove cover
0%
covet
0%
crag
0%
cease crease
0%
crook
0%
rude crude
0%
cube
0%
cure
0%
cute
0%
dart
0%
din dine
0%
dint
0%
dour
0%
drag
0%
dread
0%
drive
0%
done drone
0%
rug drug
0%
dwell
0%
east
0%
ever every
0%
fever
0%
lag flag
0%
flame
0%
flight
0%
flock
0%
flow flown
0%
flub
0%
flu flue
0%
fork
0%
fund found
0%
fount
0%
owl fowl
0%
fright
0%
frisk
0%
font front
0%
ghost
0%
god goad
0%
goat
0%
good
0%
gore
0%
gout
0%
grave
0%
hail
0%
hart
0%
haven
0%
heat
0%
host hoist
0%
hole
0%
home
0%
hope
0%
hose
0%
hour
0%
howl
0%
hung
0%
hut hurt
0%
ail jail
0%
kiln
0%
kind
0%
king
0%
now know
0%
lair
0%
edge ledge
0%
lever
0%
lore
0%
louse
0%
lout
0%
luck lucky
0%
mail
0%
mart
0%
ask mask
0%
meat
0%
might mighty
0%
moan
0%
moat
0%
more
0%
mouse
0%
nail
0%
neat
0%
oath
0%
opal
0%
pail
0%
pair
0%
pal pale
0%
pane panel
0%
par park
0%
pear
0%
peat
0%
plot pilot
0%
pin pink
0%
pint
0%
plane
0%
plight
0%
pose poise
0%
pore
0%
out pout
0%
ride pride
0%
prod
0%
prose
0%
rove prove
0%
prude
0%
aft raft
0%
rag rage
0%
rail
0%
ready
0%
ricer
0%
rise rinse
0%
riser
0%
rode
0%
ruin
0%
rung
0%
ruse
0%
sail
0%
sandy
0%
sang
0%
scan
0%
care scare
0%
scold
0%
sore score
0%
crew screw
0%
seat
0%
size seize
0%
sever
0%
shin
0%
hoe shoe
0%
how show
0%
sign
0%
sin sing
0%
sink
0%
skid
0%
skim
0%
skin
0%
skip
0%
ski skit
0%
lack slack
0%
slag
0%
slaw
0%
slay
0%
slew
0%
low slow
0%
snag
0%
nip snip
0%
oak soak
0%
sold solid
0%
span spank
0%
pend spend
0%
spilt
0%
spit spite
0%
split
0%
spore
0%
spy spry
0%
stag
0%
tale stale
0%
say stay
0%
sew stew
0%
store
0%
tuck stuck
0%
wear swear
0%
well swell
0%
wipe swipe
0%
swore
0%
tail
0%
tamp
0%
tap tape
0%
task
0%
tax taxi
0%
tank thank
0%
thick
0%
thug
0%
tore
0%
tour
0%
race trace
0%
rail trail
0%
trap
0%
read tread
0%
tend trend
0%
tick trick
0%
rue true
0%
tsar
0%
wane
0%
ward
0%
warm
0%
war warn
0%
warp
0%
wart
0%
wary
0%
wear
0%
weary
0%
wedge
0%
welt
0%
wet went
0%
wept
0%
west
0%
whet
0%
wink
0%
wiper
0%
with witch
0%
wit with
0%
wore
0%
yaw yawl
0%
yawn
0%
your
0%
No matching quizzes found
Score Distribution
Percent of People with Each Score
Percentile by Number Answered
Your Score History
You have not taken this quiz since the last reset